| 000 | nam a22 7a 4500 | ||
|---|---|---|---|
| 999 |
_c137785 _d137783 |
||
| 005 | 20171207122157.0 | ||
| 008 | 171207b sp ||||| |||| 00| 0 spa d | ||
| 020 | _a9788449326776 | ||
| 050 | 0 | 4 |
_aB77 _bC66 2012 |
| 100 | 1 | _aComte-Sponville, André | |
| 245 | 1 | 3 |
_aLa filosofía : _bqué es y como se práctica / _c André Comte-Sponville, tr. Jordi Terré |
| 250 | _a1a ed. | ||
| 260 |
_aBarcelona ; México : _bPaidós, _c2012 |
||
| 300 |
_a142 p. ; _c21 cm |
||
| 490 | _aBiblioteca André Comte-Sponville | ||
| 500 | _atraducción de : La philosophie | ||
| 504 | _aIncluye índice | ||
| 650 | 4 |
_aFilosofía _zFrancia |
|
| 700 | 1 |
_aTerré, Jordi _etr. |
|
| 942 |
_2lcc _cLIB |
||